1853 1559 1312 1217 1483 1628 1757 1364 1704 1887 1558 1854 1527 1732 1008 1484 1026 1723 1186 1413 1507 1679 1811 1497 1638 1341 1905 1997 1671 1064 1209 1539 1592 1574 1201 1446 1027 1972 1168 1353 1854 1001 1890 1189 1727 1239 1803 1171 1040 1172 1733 1950 1744 1599 1391 1718 1648 1002 1718 1097 1446 1381 1115 1643 1298 1397 1433 1792 1269 1088 1344 1905 1526 1529 1098 1690 1964 1793 1623 1235 1250 1953 1980 1861 1135 1910 1756 1471 1720 1526 1626 1363 1285 1668 1591 1830 1536 1525 1527 BCNSPRNW ULIB Ver.6.0+V

เปลี่ยนเป็นภาษาไทย

Change to English
 แสดงรายละเอียดบรรณานุกรม
  กลับหน้าหลัก

Brief Record : Get Marc (ISO 2709) : E-mail record : QR code < ปิดหน้าต่าง
LEADER : 00000nam 2200000uu 4500
001    13399125834
003     ULIB
008    020711s2017 th a 000 0 eng d
020    ^a9781496339560
060    ^aWY193^bC-L
100    ^aCarter,Pamela J.
245    ^aLippincott essentials for nursing assistants : a humanistic approach/^cCarter,Pamela J.
250    ^a4th ed
260    ^aPhiladelphia :^bWolters Kluwer,^c2017
300    ^a751 pages;^c30 cm
650    ^aNurses'Aides^xNursing Care-methods
945    ^p1946^l0^i003211
999    ^aประนอม เกษจรัล
รายการนี้ยังไม่มีแท็ก
คุณยังไม่ได้ล็อกอิน คุณสามารถมีกิจกรรมร่วมกับเว็บไซต์ได้ แต่ต้องล็อกอินก่อน ::
  ล็อกอิน

รายการสื่อสารสนเทศ

ลำดับที่ ประเภท เลขเรียก/บาร์โค้ด สถานที่ สถานะ
1. วิทยาศาสตร์การแพทย์ และสุขภาพ
หนังสือสำรอง
สถานะ=หนังสือสำรอง
WY193 C-L ฉ.1 
  Barcode: 003211
ห้องสมุดวิทยาเขตสวรรค์ประชารักษ์
►หนังสือทั่วไป
บนชั้น

รายการใกล้เคียง
    ผู้แต่ง [Carter,Pamela J.]

BibComment


ยังไม่เคยถูกคอมเมนท์

คอมเมนท์ทรัพยากรรายการนี้
  คอมเมนท์: Lippincott essen..


 Copyright 2026. Bcnsprnw @Library